Statistics for Top 15 U.S. States That Consume The Most Ice Cream

Click here to take the quiz!

General Stats

  • This quiz has been taken 26 times
  • The average score is 12 of 15

Answer Stats

RankAnswer% Correct
1.California
96%
6.Florida
96%
14.Texas
96%
5.New York
92%
7.Kansas
84%
2.Oklahoma
84%
15.Nevada
80%
11.Pennsylvania
80%
8.Vermont
80%
3.Washington D.C.
80%
12.Maryland
76%
4.New Jersey
76%
9.Arkansas
72%
13.Missouri
72%
10.Rhode Island
60%

Score Distribution

Percentile by Number Answered

Percent of People with Each Score

Your Score History

You have not taken this quiz